00720nam a2200181 i 4500001000700000003000900007005001700016007000300033008004100036100003200077245012900109260007600238300002200314490007900336650001800415830007900433852002600512111273ES-MaACL20230906185256.0t|190605s1941 sp r ||||1| spa d1 aCid Ruiz-Zorrilla, Alfonso.13aLa resinación en los Montes de Pinus Pinaster (Pino Negral) de las llanuras de Castilla / cpor Alfonso Cid Ruiz-Zorrilla. aMadrid : bInstituto Forestal de Investigaciones y Experiencias,c1941. a141 p. ; c23 cm.1 aInstituto Forestal de Investigaciones y Experiencias ; vAño XII, nº 18 4aResinación.0 aInstituto Forestal de Investigaciones y Experiencias ; vAño XII, nº 18 aES-MaACLjP-569-Bis-7